Algebra and trigonometry : (Record no. 9081)

MARC details
000 -LEADER
fixed length control field 00650nam a22002177a 4500
003 - CONTROL NUMBER IDENTIFIER
control field OSt
005 - DATE AND TIME OF LATEST TRANSACTION
control field 20260313011400.0
008 - FIXED-LENGTH DATA ELEMENTS--GENERAL INFORMATION
fixed length control field 260313b |||||||| |||| 00| 0 eng d
020 ## - INTERNATIONAL STANDARD BOOK NUMBER
International Standard Book Number 0-669-33341-7.
040 ## - CATALOGING SOURCE
Original cataloging agency DWCL Main lib
Transcribing agency OC
082 ## - DEWEY DECIMAL CLASSIFICATION NUMBER
Classification number Circ. 512 L335a 1993
100 ## - MAIN ENTRY--PERSONAL NAME
Personal name Larson, Roland E.
245 ## - TITLE STATEMENT
Title Algebra and trigonometry :
Remainder of title a graphing approach
Statement of responsibility, etc. Roland E. Larson
260 ## - PUBLICATION, DISTRIBUTION, ETC.
Place of publication, distribution, etc. Mass. :
Name of publisher, distributor, etc. D. C. Heath and Company,
Date of publication, distribution, etc. c1993.
300 ## - PHYSICAL DESCRIPTION
Extent various paging :
Other physical details ill. ;
Dimensions 24 cm.
650 ## - SUBJECT ADDED ENTRY--TOPICAL TERM
Topical term or geographic name entry element 1. Algebra.
650 ## - SUBJECT ADDED ENTRY--TOPICAL TERM
Topical term or geographic name entry element 2. Trigonometry.
700 ## - ADDED ENTRY--PERSONAL NAME
Personal name Robert P. Hostetler
700 ## - ADDED ENTRY--PERSONAL NAME
Personal name Bruce H. Edwards
942 ## - ADDED ENTRY ELEMENTS (KOHA)
Source of classification or shelving scheme Dewey Decimal Classification
Koha item type Book Circulation
Call number prefix Circ.
Suppress in OPAC No
952 ## - LOCATION AND ITEM INFORMATION (KOHA)
--
Holdings
Withdrawn status Lost status Source of classification or shelving scheme Damaged status Not for loan Home library Current library Shelving location Date acquired Source of acquisition Cost, normal purchase price Total Checkouts Full call number Barcode Date last seen Price effective from Koha item type Uniform Resource Identifier
    Dewey Decimal Classification     College Library College Library Circulation 06/19/2007 Donation 0.00   Circ. 512 L335a 1993 CL44819 03/13/2026 03/13/2026 BK-CIRC c1